000 00627nam a2200229Ia 4500
005 20241216005922.0
008 180423s9999||||xx |||||||||||||| ||und||
020 _a958-9021-94-8
082 _a070.1
_bL83
100 _aLOPERA, ALFONSO
245 0 _aETICA DEL PERIODISMO Y LA COMUNICACION
250 _a0
260 _aCOLOMBIA
_bUINVERSIDAD ANTIOQUIA
_c1990
300 _a213 pag.
_c21 cm
341 _h55.35
490 _v0
_a0
505 _aINFORMACION-PRENSA/MEDIOS-ESTATUTOS-CODIGOS
541 _aC
_bLIBRERIA SAN CRISTOBAL
_d21-Nov-95
_odólar
650 _aOBRAS GENERALES
856 _zHumanidades
942 _cLIBRO
999 _c666
_d666